000 00535nam a2200181Ia 4500
003 GCL
008 140319s9999 xx 000 0 ara d
040 _aGCL /
_cGCL
082 0 4 _a347
_bس ق
100 1 _aسعيد احمد شعلة
245 1 0 _aقضاء النقض المدنى والجنائى فى التزوير /
_cسعيد احمد شعلة
260 _a[S.N] :
_bدار الفكر الجامعى
300 _a511 ص
490 _a
650 0 4 _aالقانون
650 0 4 _aجرائم التزوير
942 _2ddc
_cBK
999 _c44913
_d44913